| 000 | 00896nam a2200253Ia 4500 | ||
|---|---|---|---|
| 003 | OSt | ||
| 005 | 20221005112357.0 | ||
| 006 | a|||||r|||| 00| 0 | ||
| 007 | ta | ||
| 008 | 221004b |||||||| |||| 00| 0 pan d | ||
| 020 |
_a9789352313068 (hbk) _cINR 495.00 |
||
| 024 | _a44818 | ||
| 037 |
_b1053, 08/02/2019, H.K. Prakashan _cTextual |
||
| 040 |
_aCRL _cCRL _bpan |
||
| 041 |
_2pan _apan |
||
| 082 | _aU8.44Q7, 153Q9 | ||
| 100 | _aਪੰਨੂ, ਚਰਨਜੀਤ ਸਿੰਘ, ਂਚ. | ||
| 245 | 0 | _aਮਿੱਟੀ ਦੀ ਮਹਿਕ | |
| 260 |
_aਸਮਾਣਾ _bਸੰਗਮ ਪਬਲੀਕੇFਨਗ਼ ਭਾਰਤ _c2019 |
||
| 300 |
_a335ਪ੍ਰ0 _ccm. |
||
| 650 | _aਸਖ਼ਰਨਾਮਾ | ||
| 942 |
_hU8.44Q7, 153Q9 _cTEXL _2cc |
||
| 999 |
_c1024705 _d1024705 |
||